Statistics for Ladies and queens of the Cousins War

Click here to take the quiz!

General Stats

  • This quiz has been taken 28 times
  • The average score is 8 of 12

Answer Stats

HintAnswer% Correct
The Kingmaker's daughter, wife of Richard IIIAnne Neville
100%
The White QueenElizabeth Woodville
100%
The York PrincessElizabeth of York
88%
The Lancaster QueenMargaret of Anjou
88%
The mother of Henry VIIMargaret Beaufort
82%
Mother of Edward IVCecily Neville
59%
The wife of Edward IV's brother, GeorgeIsabel Neville
59%
Mother of Elizabeth WoodvilleJacquetta Woodville
53%
The second daughter of Edward IVCecily of York
47%
Wife of the KingmakerAnne Neville, Countess of Warick
41%
The sister of Edward IV, The Duchess of BurgundyMargaret of York
41%
A favorite mistress of Edward IVJane Shore
35%

Score Distribution

Percentile by Number Answered

Percent of People with Each Score

Your Score History

You have not taken this quiz